000 00586nam a2200229Ia 4500
003 OSt
005 20220928140608.0
006 a|||||r|||| 00| 0
007 ta
008 220927b |||||||| |||| 00| 0 eng d
024 _a9766
037 _cTextual
040 _aSDCL
_cSDCL
_beng
041 _2eng
_aeng
082 _aD6,8(B289B), N7
100 _aGurewich Nathan Ed.
_9496127
245 0 _aTeach yourself visual basic 5 in 21 days
250 _a4
260 _c1997
942 _hD6,8(B289B), N7
_cTEXL
_2CC
999 _c812393
_d812393